Geography Quiz

Random Geography or City Quiz

Cities by Pre-'40s Skyline Quiz Stats

Quiz Updated Oct 7, 2017

Also try: City Skylines
Challenge
Share
Tweet
Score 0/20 Timer 06:00
0 Plays Today
# City % Correct
1London
97%
9Paris
93.5%
4Moscow
91%
2Rome
83.3%
7Rio de Janeiro
80.5%
20New York
77.8%
15Venice
61%
19Los Angeles
47.5%
17Chicago
47.4%
16Istanbul
32.2%
# City % Correct
14Sydney
27.4%
12Peking (Beijing)
26.1%
10San Francisco
19.9%
6Cairo
19.9%
3Boston
18%
18Berlin
16.2%
8Madrid
11%
13Athens
10.9%
5Amsterdam
10.1%
11Dublin
4.6%

You're not logged in!

Compare scores with friends on all Sporcle quizzes.
Sign Up with Email
OR
Log In

You Might Also Like...

Show Comments

Extras

Top Quizzes Today


Score Distribution

Your Account Isn't Verified!

In order to create a playlist on Sporcle, you need to verify the email address you used during registration. Go to your Sporcle Settings to finish the process.